000 02341cam a22005054i 4500
003 PE-LiUPU
005 20250731173314.0
008 150616s1973 sp r 000 0 spa d
020 _a8470571338
035 _a(Sirsi) i9788470571336
040 _aPE-LiUPU
_bspa
_cPE-LiUPU
_erda
049 _aPRUA
082 0 4 _a291
_bJ19
_221
100 1 _aJames, E.O.,
_eautor.
245 1 0 _aIntroducción a la Historia Comparada de las Religiones /
_cE. O. James.
264 1 _aMadrid :
_bEdiciones Cristiandad, S. L.,
_c1973.
300 _a354 páginas ;
_c20 centímetros
336 _atext
_2rdacontent
337 _aunmediated
_2rdamedia
338 _avolume
_2rdacarrier
505 0 _aOrígenes de la religión -- La magía -- La organización ritual -- Mito y rito -- Grecia y las religiones mistéricas -- El teismo oriental -- El camino de la salvación -- El monoteismo -- Pecado y expiación -- Sacrificio y sacramento -- Culto y oración -- Inmortalidad.
526 _aSEG42
526 _aSEG41
526 _aSEG40
526 _aSEG39
526 _aP94
526 _aP87
526 _aP86
526 _aP85
526 _aP77
526 _aP76
526 _aP35
650 0 4 _aReligiones comparadas.
910 _ajck
_bjvq
_cjck
942 _2ddc
_cBOOK
949 _a291 J19
_wDEWEY
_c1
_i39327
_lCCODEBUL1
_mBUL
_r0
_sY
_tBOOK
_u2015-4-23
_xTEOLOGIA
_zUNKNOWN
_0COMPRA
_o.STAFF. Colección General
949 _a291 J19
_wDEWEY
_c2
_i14477
_lCCODEBUL1
_mBUL
_r0
_sY
_tBOOK
_u2015-6-16
_xTEOLOGIA
_zUNKNOWN
_0COMPRA
_o.STAFF. Colección General
949 _a291 J19
_wDEWEY
_c3
_i19986
_d2016-10-10
_e2016-10-7
_lCCODEBUL1
_mBUL
_n2
_r0
_sY
_tBOOK
_u2015-7-7
_xTEOLOGIA
_PP35
_0COMPRA
_o.STAFF. Colección General
994 _aC0
_bPEPRU
596 _a1
999 _a291 J19
_wDEWEY
_c45500
_i39327
_d45500
_f2021-11-11
_g5
_lCCODEBUL1
_mBUL
_q1
_r0
_sY
_tBOOK
_u2015-4-23
_xTEOLOGIA
_zUNKNOWN
_0COMPRA
_o.STAFF. Colección General
999 _a291 J19
_wDEWEY
_c2
_i14477
_d2019-1-14
_f2021-11-11
_g5
_lCCODEBUL1
_mBUL
_q2
_r0
_sY
_tBOOK
_u2015-6-16
_xTEOLOGIA
_zUNKNOWN
_0COMPRA
_o.STAFF. Colección General
999 _a291 J19
_wDEWEY
_c3
_i19986
_d2018-4-25
_e2016-10-7
_f2021-11-11
_g5
_lCCODEBUL1
_mBUL
_n2
_p43.00
_q1
_r0
_sY
_tBOOK
_u2015-7-7
_xTEOLOGIA
_PP35
_0COMPRA
_o.STAFF. Colección Teología
980 _81
_gALBERTO SANCHEZ Responsable de Automatización